000 00419nam a2200145 4500
001 114154
003 ES-MaACL
007 t|
008 061121s1954 sp r ||||1| spa d
100 1 _aPalomer Pons, Jorge.
_988690
245 1 4 _aLos telares circulares de gran diámetro /
_cJorge Palomer Pons.
260 _aBarcelona :
_bBosch,
_c1954.
300 _a1 t., 1 lám. ;
_c23 cm.
852 _aES-MaACL
_jC-6520
_bR.35803
999 _c114154
_d114154